LEADER 01173nam0-22003971i-450- 001 990001501490403321 005 20091110150525.0 010 $a3-527-30378-2 035 $a000150149 035 $aFED01000150149 035 $a(Aleph)000150149FED01 035 $a000150149 100 $a20030307d2001----km-y0itay50------ba 101 0 $aeng 102 $aGE 105 $aa---a---001yy 200 1 $aBiochemistry of signal transduction and regulation$fGerhard Krauss$gNancy Schonbrunner, Julia Cooper (transl.) 205 $a2nd ed. 210 $aWeinheim; New York$cWiley-Vch$dc2001 215 $axxii, 506 p.$cill.$d24 cm 305 $a1st ed. 1999 610 0 $aBiologia cellulare 610 0 $aBiochimica 676 $a571.6$v21 700 1$aKrauss,$bGerhard$067203 801 0$aIT$bUNINA$gRICA$2UNIMARC 901 $aBK 912 $a990001501490403321 952 $a571.6-KRA-1A$b2468$fSC1 952 $a571.6-KRA-1$b2467$fSC1 952 $a571.6-KRA-1B$b2511$fSC1 952 $a571.6-KRA-1D$b2513$fSC1 952 $a571.6-KRA-1C$b2512$fSC1 959 $aSC1 996 $aBiochemistry of signal transduction and regulation$9377170 997 $aUNINA LEADER 01143cam0-2200361---450- 001 990004174390403321 005 20130509153232.0 010 $a88-222-3765-X 035 $a000417439 035 $aFED01000417439 035 $a(Aleph)000417439FED01 035 $a000417439 100 $a19990604d1990----km-y0itay50------ba 101 0 $aita 102 $aIT 105 $ay-------101cy 200 1 $aGiuseppe Montanelli$eunità e democrazia nel Risorgimento$econvegno di studio, Firenze, Palazzo Strozzi, 2-3 dicembre 1988$fa cura di Paolo Bagnoli 210 $aFirenze$cOlschki$d1990 215 $a344 p.$d23 cm 225 1 $aBiblioteca storica toscana$iSezione di storia del Risorgimento$v21 610 0 $aMontanelli, Giuseppe$aCongressi$a1988 676 $a945.083092$v21$zita 676 $a945.080924 702 1$aBagnoli,$bPaolo$f<1947- > 801 0$aIT$bUNINA$gRICA$2UNIMARC 901 $aBK 912 $a990004174390403321 952 $aSE 101.04.11-$b2912$fDECSE 952 $a945.083 CONV FIRENZE 1988$bBibl.25849$fFLFBC 959 $aFLFBC 959 $aDECSE 996 $aGiuseppe Montanelli$9485914 997 $aUNINA